Missing Word: 'Ain't' That A Song Title? Quiz Stats

 Plays Quiz Updated Jul 17, 2015

Challenge
Share
Tweet
Embed
Score 0/18 Timer 04:00
1 Play Today
Title Missing Word % Correct
Ain't No ____ High EnoughMountain
98.2%
You Ain't Seen ____ YetNothing
96.2%
Two Out of ____ Ain't BadThree
95%
Ain't No Stoppin' Us ____Now
93.5%
It Ain't ____ Til It's ____Over
91.3%
Ain't Too ____ to BegProud
87.6%
Ain't That Just ____ a Woman (They'll Do it Every Time)Like
87.3%
Ain't No ____ (Like the One I've Got)Woman
77.9%
He Ain't ____, He's My BrotherHeavy
75.8%
Title Missing Word % Correct
Ain't ____ SweetShe
75.5%
Ain't That a ____Shame
73.9%
It Ain't ____ BabeMe
69.8%
She Ain't ____You
64.3%
Ain't That a Kick in the ____Head
64.1%
Ain't Talkin' 'bout ____Love
60.6%
Ain't No ____Sunshine
58.5%
I Ain't Gonna Eat Out My ____ AnymoreHeart
52.7%
If I Ain't ____ YouGot
51.7%

Today's Daily Dose

Missing Word
Bible Verses

Quick Pick
Brad Pitt Roles

On This Day
July 21st II

You're not logged in!

Compare scores with friends on all Sporcle quizzes.
Join for Free
OR
Log In

You Might Also Like...

Show Comments

Extras

Top Quizzes Today


Score Distribution

Your Account Isn't Verified!

In order to create a playlist on Sporcle, you need to verify the email address you used during registration. Go to your Sporcle Settings to finish the process.

Report this User

Report this user for behavior that violates our Community Guidelines.

Details: